000 01156cam a2200277 a 4500
020 _a0124476503 (v. 1)
020 _a9780124476509 (v. 1)
020 _a0124476023
020 _a9780124476028
040 _cDLC
082 _a582 ACA 1978 A061 Or.
245 0 0 _aPlant cold hardiness and freezing stress :
_bmechanisms and crop implications /
260 _aNew York :
_bAcademic Press,
_c1978-
300 _av. <1> :
_bill. ;
_c24 cm.
500 _aProceedings of an international plant cold hardiness seminar held in St. Paul, Minn., Nov. 2-4, 1977 and sponsored by United States National Science Foundation, Japan Society for the Promotion of Science, and College of Agriculture, University of Minnesota.
520 _aIncludes a summary of the papers presented at the First European International Symposium on 'Winter Hardiness in Woody Perennials', September 1977.
650 0 _aPlants
650 0 _aPlants
650 0 _aCrops and climate
700 1 _aLi, P. H.
700 1 _aSakai, A.
710 2 _aNational Science Foundation (U.S.)
710 2 _aNihon Gakujutsu Shink¿‍kai.
710 2 _aUniversity of Minnesota.
942 _cEK
999 _c14670
_d14670